Géographie: Associer la ville à son pays - Statistiques

Statistiques générales
  • Ce quiz a été pris 143 fois
  • Le résultat moyen est 174 sur 256
Statistiques - réponses
Question Tuile Select % Correct
Kassala? Allemagne Non
84%
Kassala? Irlande Non
84%
Constantine? Bulgarie Non
83%
Constantine? Corée du Sud Non
83%
Kassala? Corée du Sud Non
83%
Constantine? Éthiopie Non
83%
Constantine? Irlande Non
83%
Constantine? Luxembourg Non
83%
Kassala? Luxembourg Non
83%
Constantine? Mexique Non
83%
Constantine? Russie Non
83%
Kassala? Russie Non
83%
Kassala? Slovaquie Non
83%
Constantine? Soudan Non
83%
Constantine? Venezuela Non
83%
Kassala? Venezuela Non
83%
Kassala? Mexique Non
82%
Constantine? Yémen Non
82%
Kassala? Yémen Non
82%
Constantine? Allemagne Non
81%
Kassala? Bulgarie Non
81%
Constantine? Slovaquie Non
81%
Constantine? Pakistan Non
80%
Kassala? Algérie Non
79%
Bourgas? Corée du Sud Non
79%
Bourgas? Irlande Non
79%
Ciudad Guayana? Algérie Non
78%
Ciudad Guayana? Allemagne Non
78%
Ciudad Guayana? Bulgarie Non
78%
Ciudad Guayana? Corée du Sud Non
78%
Bourgas? Éthiopie Non
78%
Kassala? Grèce Non
78%
Ciudad Guayana? Grèce Non
78%
Ciudad Guayana? Irlande Non
78%
Ciudad Guayana? Luxembourg Non
78%
Bourgas? Mexique Non
78%
Ciudad Guayana? Pakistan Non
78%
Bourgas? Russie Non
78%
Ciudad Guayana? Russie Non
78%
Ciudad Guayana? Slovaquie Non
78%
Ciudad Guayana? Éthiopie Non
77%
Ciudad Guayana? Jordanie Non
77%
Ciudad Guayana? Soudan Non
77%
Héraklion? Algérie Non
76%
Bourgas? Allemagne Non
76%
Héraklion? Allemagne Non
76%
Héraklion? Bulgarie Non
76%
Bielefeld? Corée du Sud Non
76%
Bielefeld? Éthiopie Non
76%
Bielefeld? Jordanie Non
76%
Héraklion? Jordanie Non
76%
Esch-sur-Alzette? Jordanie Non
76%
Héraklion? Mexique Non
76%
Esch-sur-Alzette? Mexique Non
76%
Bielefeld? Pakistan Non
76%
Héraklion? Pakistan Non
76%
Esch-sur-Alzette? Pakistan Non
76%
Esch-sur-Alzette? Russie Non
76%
Bielefeld? Venezuela Non
76%
Esch-sur-Alzette? Venezuela Non
76%
Bielefeld? Yémen Non
76%
Esch-sur-Alzette? Yémen Non
76%
Incheon? Algérie Non
75%
Incheon? Allemagne Non
75%
Incheon? Bulgarie Non
75%
Esch-sur-Alzette? Bulgarie Non
75%
Esch-sur-Alzette? Corée du Sud Non
75%
Esch-sur-Alzette? Éthiopie Non
75%
Bourgas? Grèce Non
75%
Esch-sur-Alzette? Grèce Non
75%
Esch-sur-Alzette? Irlande Non
75%
Bielefeld? Luxembourg Non
75%
Bourgas? Luxembourg Non
75%
Bielefeld? Mexique Non
75%
Héraklion? Russie Non
75%
Bielefeld? Soudan Non
75%
Héraklion? Soudan Non
75%
Esch-sur-Alzette? Soudan Non
75%
Héraklion? Venezuela Non
75%
Bourgas? Yémen Non
75%
Ciudad Guayana? Yémen Non
75%
Bielefeld? Algérie Non
74%
Héraklion? Corée du Sud Non
74%
Héraklion? Éthiopie Non
74%
Bielefeld? Grèce Non
74%
Incheon? Irlande Non
74%
Héraklion? Irlande Non
74%
Incheon? Jordanie Non
74%
Incheon? Luxembourg Non
74%
Héraklion? Luxembourg Non
74%
Bielefeld? Russie Non
74%
Incheon? Russie Non
74%
Bourgas? Slovaquie Non
74%
Héraklion? Slovaquie Non
74%
Esch-sur-Alzette? Slovaquie Non
74%
Incheon? Soudan Non
74%
Incheon? Venezuela Non
74%
Héraklion? Yémen Non
74%
Bourgas? Algérie Non
73%
Esch-sur-Alzette? Algérie Non
73%
Bielefeld? Bulgarie Non
73%
Dundalk? Corée du Sud Non
73%
Incheon? Éthiopie Non
73%
Dundalk? Éthiopie Non
73%
Adama? Grèce Non
73%
Dundalk? Grèce Non
73%
Adama? Irlande Non
73%
Bourgas? Jordanie Non
73%
Adama? Luxembourg Non
73%
Dundalk? Mexique Non
73%
Bourgas? Pakistan Non
73%
Adama? Russie Non
73%
Incheon? Slovaquie Non
73%
Adama? Slovaquie Non
73%
Bourgas? Soudan Non
73%
Bourgas? Venezuela Non
73%
Dundalk? Venezuela Non
73%
Incheon? Yémen Non
73%
Dundalk? Algérie Non
72%
Adama? Allemagne Non
72%
Adama? Corée du Sud Non
72%
Incheon? Grèce Non
72%
Dundalk? Jordanie Non
72%
Bielefeld? Slovaquie Non
72%
Dundalk? Soudan Non
72%
Adama? Venezuela Non
72%
Dundalk? Yémen Non
72%
Irbid? Allemagne Non
71%
Adama? Bulgarie Non
71%
Kassala? Jordanie Non
71%
Irbid? Mexique Non
71%
Incheon? Pakistan Non
71%
Dundalk? Pakistan Non
71%
Dundalk? Russie Non
71%
Irbid? Venezuela Non
71%
Irbid? Éthiopie Non
70%
Constantine? Jordanie Non
70%
Dundalk? Luxembourg Non
70%
Irbid? Luxembourg Non
70%
Incheon? Mexique Non
70%
Adama? Mexique Non
70%
Kassala? Pakistan Non
70%
Adama? Algérie Non
69%
Constantine? Grèce Non
69%
Trnava? Allemagne Non
68%
Ta'izz? Allemagne Non
68%
Irbid? Corée du Sud Non
68%
Ta'izz? Corée du Sud Non
68%
Irbid? Grèce Non
68%
Trnava? Grèce Non
68%
Trnava? Irlande Non
68%
Ta'izz? Irlande Non
68%
Ta'izz? Luxembourg Non
68%
Trnava? Mexique Non
68%
Trnava? Pakistan Non
68%
Dundalk? Slovaquie Non
68%
Irbid? Slovaquie Non
68%
Ta'izz? Venezuela Non
68%
Dundalk? Bulgarie Non
67%
Trnava? Corée du Sud Non
67%
Trnava? Éthiopie Non
67%
Zapopan? Grèce Non
67%
Ta'izz? Grèce Non
67%
Zapopan? Irlande Non
67%
Zapopan? Luxembourg Non
67%
Trnava? Luxembourg Non
67%
Ta'izz? Russie Non
67%
Ta'izz? Slovaquie Non
67%
Irbid? Soudan Non
67%
Trnava? Yémen Non
67%
Zapopan? Corée du Sud Non
66%
Kassala? Éthiopie Non
66%
Irbid? Irlande Non
66%
Trnava? Jordanie Non
66%
Adama? Pakistan Non
66%
Trnava? Soudan Non
66%
Trnava? Venezuela Non
66%
Zapopan? Algérie Non
65%
Trnava? Algérie Non
65%
Zapopan? Allemagne Non
65%
Zapopan? Éthiopie Non
65%
Bielefeld? Irlande Non
65%
Zapopan? Jordanie Non
65%
Ta'izz? Mexique Non
65%
Zapopan? Pakistan Non
65%
Irbid? Russie Non
65%
Samara? Allemagne Non
64%
Ta'izz? Bulgarie Non
64%
Samara? Luxembourg Non
64%
Irbid? Yémen Non
64%
Irbid? Algérie Non
63%
Esch-sur-Alzette? Allemagne Non
63%
Quetta? Allemagne Non
63%
Irbid? Bulgarie Non
63%
Zapopan? Bulgarie Non
63%
Samara? Corée du Sud Non
63%
Ta'izz? Éthiopie Non
63%
Héraklion? Grèce Oui
63%
Quetta? Grèce Non
63%
Quetta? Irlande Non
63%
Samara? Irlande Non
63%
Quetta? Luxembourg Non
63%
Zapopan? Russie Non
63%
Quetta? Slovaquie Non
63%
Samara? Slovaquie Non
63%
Zapopan? Soudan Non
63%
Ta'izz? Soudan Non
63%
Samara? Venezuela Non
63%
Adama? Yémen Non
63%
Samara? Bulgarie Non
62%
Quetta? Corée du Sud Non
62%
Irbid? Pakistan Non
62%
Ta'izz? Pakistan Non
62%
Quetta? Algérie Non
61%
Samara? Algérie Non
61%
Samara? Grèce Non
61%
Samara? Mexique Non
61%
Ciudad Guayana? Mexique Non
61%
Samara? Pakistan Non
61%
Quetta? Jordanie Non
60%
Trnava? Russie Non
60%
Adama? Soudan Non
60%
Zapopan? Venezuela Non
60%
Quetta? Bulgarie Non
59%
Quetta? Russie Non
59%
Quetta? Éthiopie Non
58%
Ta'izz? Jordanie Non
58%
Quetta? Soudan Non
58%
Samara? Soudan Non
58%
Quetta? Venezuela Non
58%
Zapopan? Yémen Non
58%
Dundalk? Allemagne Non
57%
Samara? Éthiopie Non
57%
Samara? Jordanie Non
57%
Quetta? Yémen Non
57%
Zapopan? Slovaquie Non
56%
Quetta? Mexique Non
55%
Adama? Jordanie Non
54%
Samara? Yémen Non
54%
Ta'izz? Algérie Non
53%
Bielefeld? Allemagne Oui
53%
Esch-sur-Alzette? Luxembourg Oui
53%
Ciudad Guayana? Venezuela Oui
52%
Trnava? Bulgarie Non
50%
Incheon? Corée du Sud Oui
49%
Constantine? Algérie Oui
39%
Dundalk? Irlande Oui
37%
Trnava? Slovaquie Oui
29%
Bourgas? Bulgarie Oui
21%
Kassala? Soudan Oui
21%
Ta'izz? Yémen Oui
18%
Zapopan? Mexique Oui
17%
Samara? Russie Oui
14%
Adama? Éthiopie Oui
12%
Irbid? Jordanie Oui
11%
Quetta? Pakistan Oui
8%
Aucun quiz correspondant
Distribution des résultats
% des personnes avec chaque résultat
Percentile par nombre de réponses
Votre historique - résultats
Vous n’avez pas pris ce quiz